| 000 | 00913cam a2200277 a 4500 | ||
|---|---|---|---|
| 001 | 000019416 | ||
| 005 | 20200929170018.0 | ||
| 008 | 771219s1964 sp 001 e spa d | ||
| 040 |
_aDO-SdBNP _bspa _cDLC _dBNPHU |
||
| 082 |
_a864.6 _bÓ77mo, 1964 |
||
| 100 | 1 |
_aOrtega y Gasset, José, _d1883-1955. _95769 |
|
| 245 | 1 | 0 |
_aMocedades / _cJosé Ortega y Gasset. |
| 250 | _a6a ed. | ||
| 260 |
_aMadrid : _bEspasa-Calpe, _c1964. |
||
| 300 |
_a155 p. ; _c18 cm. |
||
| 490 | 1 |
_aAustral. Verde: ensayos y filosofía _v201 |
|
| 500 | _aIncluye índice de autores. | ||
| 500 | _aIncluye índice de autores. | ||
| 650 | 4 |
_aEnsayos españoles _93095 |
|
| 650 | 4 |
_aLiteratura española _9632 |
|
| 651 | 4 |
_aEspaña _xDescripciones Y Viajes _xEnsayos, Conferencias, Etc.. _941677 |
|
| 830 | 0 |
_aAustral. _pVerde: ensayos y filosofía _v201 _98733 |
|
| 910 | _aCatalogación derivada / LC | ||
| 910 | _aWM | ||
| 049 | _aBNGR | ||
| 999 |
_c18932 _d18932 |
||